000 00818pam a2200253 a 4500
999 _c3475
_d3475
001 3314712
003 GBCCL
005 20241126110455.0
008 840809s1984 txu b 000 0 eng
010 _a 84019486
020 _a0849904307 :
_c$10.95
040 _aDLC
_cDLC
_dDLC
050 0 0 _aBV4011
_b.B653 1984
082 0 0 _a253.2
_219
_bBRA
100 1 _aBratcher, Edward B.,
_d1924-
_97014
245 1 4 _aThe walk-on-water syndrome :
_bdealing with professional hazards in the ministry /
_cEdward B. Bratcher ; foreword by Wayne Oates.
260 _aWaco, Tex. :
_bWord Books,
_cc1984.
300 _a234 p. ;
_c23 cm.
504 _aBibliography: p. 226-234.
650 0 _aPastoral theology.
_9414
650 0 _aClergy
_xPsychology.
_93413
906 _a7
_bcbc
_corignew
_d1
_eocip
_f19
_gy-gencatlg
942 _2ddc
_cBK